| 000 | 00244nam a22000857a 4500 | ||
|---|---|---|---|
| 999 |
_c23995 _d23995 |
||
| 003 | Nust | ||
| 005 | 20170515121804.0 | ||
| 008 | 140430b xxu||||| |||| 00| 0 eng d | ||
| 020 |
_cAvailable _a9788131708248 |
||
| 040 |
_aDLC _bDLC _cRCMS |
||
| 082 |
_22nd,ed. _a621.382 IFE |
||
| 100 | _4Ifeachor,Emmanuael C. | ||
| 245 |
_aDigital signal processing _b a practical approach |
||
| 250 | _a2nd,ed. | ||
| 260 |
_aIndia _bPearson Education _cc2002 |
||
| 300 |
_axiv,933,p: _bill: _c26,cm. |
||
| 538 | _iShelf # 15, Row # 5, Communication. Shelf # 15, Row # 3, Communication. | ||
| 650 |
_aElectrical & Electronic Engineering _9700 |
||
| 856 | _3Table of Content Only. | ||
| 942 |
_2ddc _cBK _k621.382 IFE |
||